000
00268nam a2200097Ia 4500
008
240331s9999 xx 000 0 und d
082
_a
302.23
_b
REI
100
_a
Malik, M. ed
245
0
_a
Reinventing women :
_b
the portrayal of women in the media the zia years
942
_c
L
999
_c
1147
_d
1147